Catálogo
 En Linea

La Banca Islámica sin Intereses : Elementos Básicos. / (Registro nro. 42146)

Detalles MARC
000 -CABECERA
campo de control de longitud fija 00683nam a2200181 a 4500
001 - NÚMERO DE CONTROL
campo de control 000042657
005 - FECHA Y HORA DE LA ÚLTIMA TRANSACCIÓN
campo de control 20201002040315.0
008 - DATOS DE LONGITUD FIJA--INFORMACIÓN GENERAL
campo de control de longitud fija 140204s1999 sp b 000 0 spa d
020 ## - NÚMERO INTERNACIONAL ESTÁNDAR DEL LIBRO
Número Internacional Estándar del Libro 8472328473
040 ## - FUENTE DE LA CATALOGACIÓN
Centro catalogador/agencia de origen DO-SdBNP
Lengua de catalogación spa
Centro/agencia transcriptor BNPHU
082 ## - NÚMERO DE LA CLASIFICACIÓN DECIMAL DEWEY
Número de clasificación xxxxxxx
Número de documento/Ítem xxxxxxx
100 1# - ENTRADA PRINCIPAL--NOMBRE DE PERSONA
Nombre de persona Lorca Corróns, Alejandro V.
9 (RLIN) 69938
245 13 - MENCIÓN DE TÍTULO
Título La Banca Islámica sin Intereses : Elementos Básicos. /
Mención de responsabilidad, etc. Alejandro V. Lorca Corróns, Olivia Orozco de la Torre ; prólogo M. Umer Chapra.
260 ## - PUBLICACIÓN, DISTRIBUCIÓN, ETC.
Lugar de publicación, distribución, etc. Madrid, :
Nombre del editor, distribuidor, etc. Agencia española de cooperación internacional,
Fecha de publicación, distribución, etc. 1999.
300 ## - DESCRIPCIÓN FÍSICA
Extensión 115 p. :
Otras características físicas map. ;
Dimensiones 24 cm.
700 1# - PUNTO DE ACCESO ADICIONAL--NOMBRE DE PERSONA
Nombre de persona Orozco Torre, Olivia de,
9 (RLIN) 69939
700 1# - PUNTO DE ACCESO ADICIONAL--NOMBRE DE PERSONA
Nombre de persona Chapa, M. Umer,
Término indicativo de función/relación pról.
9 (RLIN) 69940
Existencias
Estado de retiro Estado de pérdida Restricciones de uso No para préstamo Código de colección Localización permanente Ubicación/localización actual Ubicación en estantería Fecha de adquisición Número de inventario Total de préstamos Signatura topográfica completa Código de barras Fecha visto por última vez Precio válido a partir de Tipo de ítem Koha
        Monografías: Libros y Folletos General General Orden iniciada 04.02.2014 LF1   xxxxxxx xxxxxxx 42657-10 25.06.2020 25.06.2020 No se presta

Con tecnología Koha